2023-24 NFL SEASON .. EVERY QB TO START A GAME - Statistics

General Stats
  • This quiz has been taken 209 times
  • The average score is 50 of 66
Answer Stats
Hint Answer % Correct
Arizona Cardinals (8) Kyler Murray
99%
Cincinnati Bengals (10) Joe Burrow
98%
Baltimore Ravens (16) Lamar Jackson
98%
Buffalo Bills (17) Josh Allen
97%
Kansas City Chiefs (16) Patrick Mahomes
97%
New York Giants (6) Daniel Jones
96%
Chicago Bears (13) Justin Fields
96%
Los Angeles Rams (15) Matthew Stafford
96%
Detroit Lions (17) Jared Goff
95%
Cleveland Browns (5) Joe Flacco
95%
New England Patriots (11) Mac Jones
95%
Denver Broncos (15) Russell Wilson
95%
New York Jets (11) Zach Wilson
95%
Tampa Bay Buccaneers (17) Baker Mayfield
94%
Carolina Panthers (16) Bryce Young
94%
Houston Texans (15) CJ Stroud
94%
New Orleans Saints (17) Derek Carr
94%
Cleveland Browns (6) Deshaun Watson
94%
Seattle Seahawks (15) Geno Smith
94%
Jacksonville Jaguars (16) Trevor Lawrence
94%
Indianapolis Colts (4) Anthony Richardson
93%
San Francisco 49ers (17) Brock Purdy
93%
Dallas Cowboys (17) Dak Prescott
93%
Green Bay Packers (17) Jordan Love
93%
Los Angeles Chargers (13) Justin Herbert
93%
Minnesota Vikings (8) Kirk Cousins
93%
Philadelphia Eagles (17) Jalen Hurts
91%
Pittsburgh Steelers (12) Kenny Pickett
91%
Miami Dolphins (17) Tua Tagovailoa
91%
Indianapolis Colts (13) Gardner Minshew
90%
Atlanta Falcons (13) Desmond Ridder
88%
Tennessee Titans (9) Will Levis
88%
New York Jets (1) Aaron Rodgers
87%
Las Vegas Raiders (6) Jimmy Garoppolo
86%
Tennessee Titans (8) Ryan Tannehill
86%
Arizona Cardinals (8) Josh Dobbs
85%
Minnesota Vikings (4) Josh Dobbs
85%
Washington Commanders (17) Sam Howell
85%
Las Vegas Raiders (10) Aidan O’Connell
83%
New York Giants (6) Tommy DeVito
82%
Cincinnati Bengals (7) Jake Browning
77%
Seattle Seahawks (2) Drew Lock
76%
New England Patriots (6) Bailey Zappe
75%
Baltimore Ravens (1) Tyler Huntley
74%
Pittsburgh Steelers (3) Mason Rudolph
73%
New York Giants (5) Tyrod Taylor
73%
Carolina Panthers (1) Andy Dalton
69%
Atlanta Falcons (4) Taylor Heinicke
69%
Cleveland Browns (3) Dorian Thompson-Robinson
65%
Los Angeles Chargers (4) Easton Stick
64%
Pittsburgh Steelers (2) Mitch Trubisky
62%
Los Angeles Rams (1) Carson Wentz
57%
Minnesota Vikings (3) Nick Mullens
52%
Chicago Bears (4) Tyson Bagent
52%
Denver Broncos (2) Jarrett Stidham
49%
Cleveland Browns (2) PJ Walker
42%
New York Jets (2) Tim Boyle
40%
New York Jets (3) Trevor Siemian
39%
Houston Texans (2) Case Keenum
38%
Minnesota Vikings (2) Jaren Hall
38%
Arizona Cardinals (1) Clayton Tune
36%
Kansas City Chiefs (1) Blaine Gabbert
33%
Jacksonville Jaguars (1) C.J. Beathard
33%
Las Vegas Raiders (1) Brian Hoyer
28%
Los Angeles Rams (1) Brett Rypien
25%
Cleveland Browns (1) Jeff Driskel
23%
No matching quizzes found
Score Distribution
Percent of People with Each Score
Percentile by Number Answered
Your Score History
You have not taken this quiz